Electronic Data Processing in Practice <A> Handbook for Users

Salvato in:
Dettagli Bibliografici
Autore principale: Becker, M.
Altri autori: Haberfellner, R., Liebetrau, G.
Natura: Libro
Lingua:inglese
Pubblicazione: Chichester Ellis Horwood Lim. 1989
Edizione:1. ed.
Tags: Aggiungi Tag
Nessun Tag, puoi essere il primo ad aggiungerne!!

MARC

LEADER 00000nam a2200000 4500
001 c029485
005 20240719083109.6
041 0 |a eng 
044 |a US 
245 1 0 |a Electronic Data Processing in Practice  |b <A> Handbook for Users  |c M. Becker, R. Haberfellner, G. Liebetrau ; [Z nem. prel. ] Derek Lewis 
250 |a 1. ed. 
264 1 |a Chichester  |b Ellis Horwood Lim.  |c 1989 
300 |a 615 s. 
100 1 |a Becker, M. 
700 1 |a Haberfellner, R. 
700 1 |a Liebetrau, G.